Miasta według dawnej nazwy - Statystyki

Ogólne statystyki
  • Ten quiz został rozwiązany 4 266 razy
  • Średni wynik to 8 z 19
Statystyki odpowiedzi
Stara nazwa Aktualna nazwa % Poprawnych
Peking Pekin
89%
Konstantynopol Stambuł
85%
Danzig Gdańsk
71%
Londinium Londyn
71%
Kaliningrad Królewiec
66%
Bombaj Mumbaj
57%
Leningrad Sankt Petersburg
56%
Nowy Amsterdam Nowy Jork
53%
Stalingrad Wołgograd
45%
Tenochtitlán Meksyk
36%
Edo Tokio
35%
Kalkuta Kolkata
31%
Sajgon Ho Chi Minh
27%
Léopoldville Kinszasa
19%
Christiania Oslo
16%
Batawia Dżakarta
15%
Smyrna Izmir
12%
Madras Ćennaj
10%
Jangon Rangun
10%
Nie znaleziono quizów pasujących do podanych kryteriów
Rozkład punktacji
Procent ludzi z każdym wynikiem
Percentyl według liczby udzielonych odpowiedzi
Twoja historia wyników
Nie rozwiązałeś tego quizu